000 00642nam a2200181Ia 4500
008 090123s9999 xx 000 0 und d
082 _b34907
100 _aकणेकर शिरिष मधुकर
245 _aडॉ.कणेकरांचा मुलगा
250 _a0
260 _bदिलिप प्रकाशन
_c2003
300 _a246
600 _aकणेकर शिरिष मधुकर
630 _aडॉ.कणेकरांचा मुलगा
700 _aकणेकर शिरिष मधुकर
730 _aडॉ.कणेकरांचा मुलगा
942 _cBOOK
999 _c72966
_d72966